00823nam a22002057a 4500003000400000005001700004008004100021022001300062040001800075082001800093110005700111245009900168260007600267300001700343440006000360650004600420650007300466650005200539856002600591OSt20240530103338.0240530b ||||| |||| 00| 0 eng d 222785337 cAIMIT LIBRARY a001.42 bBUSR aSomaiya Institute of Management Studies and Research aBusiness perspectives and Research /bBy Somaiya Institute of Management Studies and Research. aMumbai :bSomaiya Institute of Management Studies and Research ,c2018. bHBc24.7 cm. aBusiness Perspectives and ResearchvVol.6 No.1&2 -2018. aEffect of low and negative interest rates aEstablishing a valid instrument to measure entrepreneurial knowledge aConsumer pre purchase search in online shopping ywww.somaiya.edu/simsr